An African Apostle : (Record no. 65340)
[ view plain ]
| 000 -LEADER | |
|---|---|
| fixed length control field | 00808nam a22002417a 4500 |
| 003 - CONTROL NUMBER IDENTIFIER | |
| control field | OSt |
| 005 - DATE AND TIME OF LATEST TRANSACTION | |
| control field | 20180625152108.0 |
| 008 - FIXED-LENGTH DATA ELEMENTS--GENERAL INFORMATION | |
| fixed length control field | 180625b ||||| |||| 00| 0 eng d |
| 020 ## - INTERNATIONAL STANDARD BOOK NUMBER | |
| International Standard Book Number | 0953359808 |
| 040 ## - CATALOGING SOURCE | |
| Original cataloging agency | DLC |
| Transcribing agency | DLC |
| Modifying agency | DLC |
| 050 ## - LIBRARY OF CONGRESS CALL NUMBER | |
| Classification number | BV 3625.R8 |
| Item number | R45 1998 |
| 100 ## - MAIN ENTRY--PERSONAL NAME | |
| 9 (RLIN) | 45931 |
| Personal name | Relph, Penny. |
| 245 ## - TITLE STATEMENT | |
| Title | An African Apostle : |
| Remainder of title | the story of David Ndaruhutse |
| Statement of responsibility, etc | Penny Relph. |
| 260 ## - PUBLICATION, DISTRIBUTION, ETC. (IMPRINT) | |
| Place of publication, distribution, etc | Kent, UK : |
| Name of publisher, distributor, etc | International Media for Ministry, |
| Date of publication, distribution, etc | c1998. |
| 300 ## - PHYSICAL DESCRIPTION | |
| Extent | 188 p.; |
| 600 ## - SUBJECT ADDED ENTRY--PERSONAL NAME | |
| Personal name | Ndaruhutse, David. |
| 9 (RLIN) | 45932 |
| 650 ## - SUBJECT ADDED ENTRY--TOPICAL TERM | |
| Topical term or geographic name as entry element | Missions |
| Geographic subdivision | Rwanda |
| General subdivision | Biography. |
| 9 (RLIN) | 45933 |
| 650 ## - SUBJECT ADDED ENTRY--TOPICAL TERM | |
| Topical term or geographic name as entry element | Missions |
| Geographic subdivision | Burundi |
| General subdivision | Biography. |
| 9 (RLIN) | 45934 |
| 650 ## - SUBJECT ADDED ENTRY--TOPICAL TERM | |
| Topical term or geographic name as entry element | Reconciliation |
| General subdivision | Religious aspects |
| -- | Christianity. |
| 9 (RLIN) | 45935 |
| 650 ## - SUBJECT ADDED ENTRY--TOPICAL TERM | |
| Topical term or geographic name as entry element | Peace |
| General subdivision | Religious aspects |
| -- | Christianity. |
| 9 (RLIN) | 45936 |
| 650 ## - SUBJECT ADDED ENTRY--TOPICAL TERM | |
| Topical term or geographic name as entry element | Evangelistic work. |
| 9 (RLIN) | 40 |
| 942 ## - ADDED ENTRY ELEMENTS (KOHA) | |
| Source of classification or shelving scheme | Library of Congress Classification |
| Koha item type | Books |
| Withdrawn status | Lost status | Source of classification or shelving scheme | Damaged status | Not for loan | Collection code | Home library | Current library | Shelving location | Date acquired | Source of acquisition | Cost, normal purchase price | Total Checkouts | Full call number | Barcode | Date last seen | Date checked out | Copy number | Price effective from | Koha item type |
|---|---|---|---|---|---|---|---|---|---|---|---|---|---|---|---|---|---|---|---|
| Library of Congress Classification | Biographies | AIU/NEGST - Tony Wilmot Memorial Library | AIU/NEGST - Tony Wilmot Memorial Library | Biographies | 04/16/2018 | Donation - Dr. Steve Morad | 15.00 | 1 | BIO BV 3625.R8R45 1998 | R38718P3232 | 09/29/2019 | 09/02/2019 | 1 | 06/25/2018 | Books |
